Entry Personal Name
Number of records used in: 1
001 - CONTROL NUMBER
003 - CONTROL NUMBER IDENTIFIER
005 - DATE AND TIME OF LATEST TRANSACTION
- control field:
20191224101236.0
008 - FIXED-LENGTH DATA ELEMENTS
- fixed length control field:
810527n| acannaabn |a aaa
010 ## - LIBRARY OF CONGRESS CONTROL NUMBER
- LC control number:
n 81049845
- Canceled/invalid LC control number:
n 80159664
- Canceled/invalid LC control number:
n 50012528
035 ## - SYSTEM CONTROL NUMBER
- System control number:
(OCoLC)oca00595374
040 ## - CATALOGING SOURCE
- Original cataloging agency:
DLC
- Language of cataloging:
eng
- Transcribing agency:
DLC
- Modifying agency:
DLC
- Modifying agency:
OCoLC
100 1# - HEADING--PERSONAL NAME
- Personal name:
Tripathy, Ram Niranjan
400 0# - SEE FROM TRACING--PERSONAL NAME
- Personal name:
Ram Niranjan Tripathy
400 1# - SEE FROM TRACING--PERSONAL NAME
- Personal name:
Tripathy, Ram
400 1# - SEE FROM TRACING--PERSONAL NAME
- Personal name:
Tripathy, R. N.
- Fuller form of name:
(Ram Niranjan)
400 1# - SEE FROM TRACING--PERSONAL NAME
- Control subfield:
nnaa
- Personal name:
Tripathy, Ram Niranjan,
- Dates associated with a name:
1920-
400 1# - SEE FROM TRACING--PERSONAL NAME
- Personal name:
Tripathi, R. N.
- Fuller form of name:
(Ram Niranjan)
670 ## - SOURCE DATA FOUND
- Source citation:
Development plan for a block ... 1979 (a.e.)
- Information found:
t.p. (R. N. Tripathy) foreword (NIRD, Hyderabad)
670 ## - SOURCE DATA FOUND
- Source citation:
Planning for integrated rural dev. programme, Mungudu block ... 1982:
- Information found:
t.p. (R.N. Tripathy) data from India (Tripathy, Ram Niranjan b. 1921)
670 ## - SOURCE DATA FOUND
- Source citation:
Acc. list, India, 1982, p. 128
- Information found:
(Tripathy, Ram Niranjan, 1921-)
670 ## - SOURCE DATA FOUND
- Source citation:
LC manual auth. cd.
- Information found:
(hdg.: Tripathy, Ram Niranjan, 1920-; M.A.(Pat.), Ph.D (London); b. 1920; 1924; 1921)
670 ## - SOURCE DATA FOUND
- Source citation:
IRDP in South India, 1985:
- Information found:
t.p. (R.N. Tripathi)
675 ## - SOURCE DATA NOT FOUND
- Source citation:
Ind. WW, 1980;
- Source citation:
Ref. Ind., 1976.